00502nam a2200169Ia 450000500170000000800410001702000150005808200130007310000150008624500340010126000380013530000120017350000310018594200060021695200950022299900150031720250624032913.0240331s9999 xx 000 0 und d a9559513625 bDECa340 aDe Costa,J 0aAparadha neethiye muuladharma aColombobJayatissa De Costac1994 a23 p ., aPrinciples of Criminal Law cL 001040708LaWERCLbWERCLcSSCd2024-03-31l0o 340 DECp3820r2024-03-31w2024-03-31yL c5092d5092